Textbook of medical laboratory technology: Clinical laboratory science and molecular diagnosis, 2V. (Record no. 393665)

MARC details
000 -LEADER
fixed length control field 00660 a2200217 4500
005 - DATE & TIME
control field 20251218103101.0
008 - FIXED-LENGTH DATA ELEMENTS--GENERAL INFORMATION
fixed length control field 251218b |||||||| |||| 00| 0 eng d
020 ## - ISBN
International Standard Book Number 9789381496800
Price Rs. 3595.00
040 ## - CATALOGING SOURCE
Original cataloging agency VIVEKANANDA LIBRARY
082 ## - DDC NUMBER
Classification number 616.075
Book Number G546T(4)
100 ## - MAIN ENTRY--PERSONAL NAME
Personal name Godkar, Praful B
245 ## - TITLE STATEMENT
Title Textbook of medical laboratory technology: Clinical laboratory science and molecular diagnosis, 2V.
250 ## - EDITION STATEMENT
Edition statement 4th
260 ## - PUBLICATION, DISTRIBUTION, ETC. (IMPRINT)
Name of publisher, distributor, etc Bhalani Publishing House
Date of publication, distribution, etc 2024
Place of publication, distribution, etc Mumbai
300 ## - PHYSICAL DESCRIPTION
Pages xxxii, 1886
650 ## - Subject
Subject Medical Laboratory Technology
650 ## - Subject
Subject Clinical Laboratory
650 ## - Subject
Subject Molecular Diagnosis
700 ## - Added Entry Personal Name
Added Entry Personal Name Godkar, Darshan P
942 ## - ADDED ENTRY ELEMENTS (KOHA)
Koha item type Books
Holdings
Withdrawn status Lost status Source of classification or shelving scheme Damaged status Not for loan Location (home branch) Sublocation or collection (holding branch) Shelving location Date acquired Koha issues (times borrowed) Koha full call number Accession No. Koha date last seen Copy number Koha item type
    Dewey Decimal Classification     VIVEKANANDA LIBRARY VIVEKANANDA LIBRARY Vivekananda Library 04/12/2025   616.075 G546T(4) 443529 04/12/2025 V1 Books
    Dewey Decimal Classification     VIVEKANANDA LIBRARY VIVEKANANDA LIBRARY Vivekananda Library 18/12/2025   616.075 G546T(4) 443530 18/12/2025 V2 Books
© Designed and Maintained by Vivekananda Library, MDU Rohtak